000 00915 a2200217 4500
001 55404
005 20260407155828.0
008 260407a1991 arg spa d
003 AR-UNSa-BCEJYS
040 _aAR-UNSa-BCEJYS
_bspa
_cAR-UNSa-BCEJYS
080 _a340.12
_xTendencias en la teoría del derecho. Escuelas, doctrinas jurídicas. Filosofía del derecho. Teorías sobre el Estado y el derecho
245 1 0 _aTópica y filosofía del derecho
020 _a84-7432-410-6
264 1 _aBarcelona :
_bGedisa
_c1991
300 _a204 p.
_c21 cm.
505 _a1. Sobre la relación entre filosofía del derecho, teoría del derecho y dogmática jurídica - 2. La filosofía del derecho como investigación básica - 3. ¿Qué significa positivismo jurídico? - 4. La "lógica moderna" del derecho
041 _aspa
942 _cBK
590 _aniveau_biblio:m niveau_hierar:0
100 1 _aViehweg, Theodor
999 _c5937
_d5937